The Sociology of Work : (Record no. 1480)
[ view plain ]
| 000 -LEADER | |
|---|---|
| fixed length control field | 00730nac a22002171u 4500 |
| 008 - FIXED-LENGTH DATA ELEMENTS--GENERAL INFORMATION | |
| fixed length control field | 130127s2005 uk ||||| |||| 001 0 eng d |
| 010 ## - LIBRARY OF CONGRESS CONTROL NUMBER | |
| LC control number | 2005281525 |
| 020 ## - INTERNATIONAL STANDARD BOOK NUMBER | |
| International Standard Book Number | 0745632491 |
| 020 ## - INTERNATIONAL STANDARD BOOK NUMBER | |
| International Standard Book Number | 0745632505 (pbk.) |
| 020 ## - INTERNATIONAL STANDARD BOOK NUMBER | |
| International Standard Book Number | 9780745632506 |
| 082 04 - DEWEY DECIMAL CLASSIFICATION NUMBER | |
| Classification number | 306.36 |
| Item number | GRI |
| Edition number | 22 |
| 100 ## - MAIN ENTRY--PERSONAL NAME | |
| Personal name | Grint, Keith. |
| 9 (RLIN) | 26120 |
| 245 14 - TITLE STATEMENT | |
| Title | The Sociology of Work : |
| Remainder of title | Introduction / |
| Statement of responsibility, etc | Keith Grint. |
| 250 ## - EDITION STATEMENT | |
| Edition statement | 3rd ed., fully rev. and updated. |
| 260 ## - PUBLICATION, DISTRIBUTION, ETC. (IMPRINT) | |
| Place of publication, distribution, etc | Cambridge, Eng. ; |
| -- | Malden, MA : |
| Name of publisher, distributor, etc | Polity Press, |
| Date of publication, distribution, etc | 2005. |
| 300 ## - PHYSICAL DESCRIPTION | |
| Extent | x, 458 p. : |
| Other physical details | ill. ; |
| Dimensions | 26 cm. |
| 504 ## - BIBLIOGRAPHY, ETC. NOTE | |
| Bibliography, etc | Includes bibliographical references (p. [391]-451) and index. |
| 650 #0 - SUBJECT ADDED ENTRY--TOPICAL TERM | |
| Topical term or geographic name as entry element | Industrial sociology. |
| 9 (RLIN) | 28258 |
| 650 #0 - SUBJECT ADDED ENTRY--TOPICAL TERM | |
| Topical term or geographic name as entry element | Work. |
| 9 (RLIN) | 32036 |
| 942 ## - ADDED ENTRY ELEMENTS (KOHA) | |
| Item type | |
| Call number prefix | 306.36 GRI |
| Source of classification or shelving scheme | Dewey Decimal Classification |
| Withdrawn status | Item status | Source of classification or shelving scheme | Damaged status | Not for loan | Vendor | Home library | Current library | Shelving location | Date acquired | Source of acquisition | Cost, normal purchase price | Total Checkouts | Full call number | Barcode | Date last seen | Cost, replacement price | Koha item type | Date last borrowed |
|---|---|---|---|---|---|---|---|---|---|---|---|---|---|---|---|---|---|---|
| Dewey Decimal Classification | Central Library | Central Library | First floor | 18/10/2006 | 230.00 | 2 | 306.36 GRI | 000002913 | 15/07/2025 | 287.50 | Book - Borrowing | |||||||
| Dewey Decimal Classification | Central Library | Central Library | First floor | 18/10/2006 | 230.00 | 2 | 306.36 GRI | 000002912 | 15/07/2025 | 287.50 | Book - Borrowing | 13/11/2016 | ||||||
| Dewey Decimal Classification | Central Library | Central Library | First floor | 18/10/2006 | 230.00 | 4 | 306.36 GRI | 000002911 | 15/07/2025 | 287.50 | Book - Borrowing | |||||||
| Dewey Decimal Classification | Central Library | Central Library | First floor | 18/10/2006 | 230.00 | 5 | 306.36 GRI | 000002910 | 15/07/2025 | 287.50 | Book - Borrowing | |||||||
| Dewey Decimal Classification | Central Library | Central Library | First floor | 18/10/2006 | 230.00 | 4 | 306.36 GRI | 000002909 | 15/07/2025 | 287.50 | Book - Borrowing | 13/11/2016 |